| 000 | 004650000a22001930004500 | ||
|---|---|---|---|
| 001 | 003745 | ||
| 003 | MACL | ||
| 005 | 20150729131801.0 | ||
| 008 | 150729b xxu||||| |||| 00| 0 eng d | ||
| 040 |
_aMACL _cMACL |
||
| 041 | _aEnglish | ||
| 082 | _a338.47 | ||
| 100 |
_aSinha, Kunal _93137 |
||
| 245 |
_aA Babarasi On Varanasi _cKunal Sinha |
||
| 260 |
_aNew Delhi _c2004 _bBluejay Books, |
||
| 350 | _a495 | ||
| 650 |
_aProduction _93099 |
||
| 942 |
_k338 _cBK _2ddc |
||
| 999 |
_c15639 _d15639 |
||